|
|
|
|
| LEADER |
01167nam a2200289 a 4500 |
| 001 |
0017336 |
| 003 |
BD-DhAAL |
| 008 |
110721s2007 enkabc d 001 0 eng d |
| 020 |
|
|
|a 9780540091515 (cased) :
|c £30.00
|
| 020 |
|
|
|a 0540091510 (cased) :
|c £30.00
|
| 020 |
|
|
|a 9780540092383
|
| 040 |
|
|
|a StDuBDS
|b eng
|c StDuBDS
|d Uk
|d BD-DhAAL
|
| 082 |
0 |
4 |
|a 032
|2 22
|
| 245 |
0 |
0 |
|a Philip's encyclopedia.
|
| 250 |
|
|
|a Comprehensive edition.
|
| 260 |
|
|
|a London :
|b Philip's,
|c c2007.
|
| 300 |
|
|
|a 960 p. :
|b ill. (chiefly col.), col. maps, ports. (chiefly col.) ;
|c 28 cm
|
| 500 |
|
|
|a Includes index.
|
| 500 |
|
|
|a Ill. and maps on lining papers.
|
| 500 |
|
|
|a Formerly CIP.
|5 Uk
|
| 526 |
|
|
|a AAL
|x Hasina Afroz
University Librarian
BRAC University
|
| 541 |
|
|
|e 0017336
|a Friends' Book Corner
|
| 650 |
|
0 |
|a Encyclopedias and dictionaries.
|
| 852 |
1 |
|
|a Ayesha Abed Library
|c Reference Shelf.
|
| 942 |
|
|
|2 ddc
|c BK
|
| 999 |
|
|
|c 11126
|d 11126
|
| 952 |
|
|
|0 0
|1 0
|2 ddc
|4 0
|6 032_PHI
|7 1
|9 17567
|a BRACUL
|b BRACUL
|c REF
|d 2011-07-21
|e Friends' Book Corner
|g 775.00
|l 0
|o 032 PHI
|p 3010017336
|r 2011-07-21
|t 1
|w 2011-07-21
|y BK
|x Requisitioned by Hasina Afroz, University Librarian, BRAC University
|